Les 2 villes les plus peuplées par région française en B - Statistiques

Statistiques générales
  • Ce quiz a été pris 133 fois
    7 depuis la dernière actualisation
  • Le résultat moyen est 16 sur 26
Statistiques - réponses
Régions Départements Population Villes % Correct
Corse Haute Corse 47 000 Bastia
100%
Hauts de France Oise 56 000 Beauvais
100%
Territoire de Belfort 46 000 Belfort
100%
Bourgogne Franche Comté Doubs 120 000 Besançon
100%
Seine Saint Denis 55 000 Bobigny
100%
Nouvelle Aquitaine Gironde 265 000 Bordeaux
100%
Ain 42 000 Bourg en Bresse
100%
Bretagne Finistère 141 000 Brest
100%
Calvados 13 000 Bayeux
83%
Pyrénées Atlantiques 55 000 Bayonne
83%
Loir et Cher 47 000 Blois
83%
Île de France Hauts de Seine 120 000 Boulogne-Billancourt
83%
Centre Val de Loire Cher 64 000 Bourges
83%
Meuse 15 000 Bar le Duc
67%
Pas de Calais 41 000 Boulogne sur mer
67%
Auvergne Rhône Alpes Rhône 43 000 Bron
67%
Occitanie Hérault 81 000 Béziers
50%
Haute-Garonne 27 000 Blagnac
50%
Normandie Seine Maritime 14 000 Bois-Guillaume
17%
Provence Alpes Côte d’Azur Var 24 000 Brignoles
17%
Pays de la Loire Maine et Loire 24 000 Beapréau en Mauges
0%
Grand Est Bas Rhin 18 000 Bischheim/Bische
0%
Haute Corse 7 000 Borgo
0%
Bouches du Rhône 14 000 Bouc Bel Air
0%
Loire Atlantique 21 000 Bouguenais
0%
Ille et Vilaine 20 000 Bruz
0%
Aucun quiz correspondant
Distribution des résultats
% des personnes avec chaque résultat
Percentile par nombre de réponses
Votre historique - résultats
Vous n’avez pas pris ce quiz depuis la dernière actualisation